| 000 | 01502nam a2200457 i 4500 | ||
|---|---|---|---|
| 001 | 29033 | ||
| 003 | KOSZ 005 | ||
| 005 | 20210526105358.0 | ||
| 008 | 970903s1989 pl a f |001 0 pol | ||
| 015 | _aUWD 1990/45 | ||
| 020 | _a8301087870 | ||
| 035 | _a991002115449705066 | ||
| 035 | _a(PL-WaBN)b10587706-48omnis_nlop | ||
| 035 | _ab10587706 | ||
| 035 | _a(OCoLC)749478480 | ||
| 035 | _azz2004901105 | ||
| 035 | _a(PL)b0000001058770 | ||
| 035 | _a(EXLNZ-48OMNIS_NETWORK)9910449175405606 | ||
| 040 |
_aWA N _cWA N _dKOSZ 005/HR |
||
| 046 | _k1989 | ||
| 080 | _a528.8 | ||
| 080 | _a629.783 | ||
| 100 | 1 |
_aCiołkosz, Andrzej _d(1939- ) _eAutor |
|
| 245 | 1 | 0 |
_aTeledetekcja satelitarna / _cAndrzej Ciołkosz, Andrzej Kęsik. |
| 260 |
_aWarszawa : _bPaństwowe Wydawnictwo Naukowe, _c1989. |
||
| 300 |
_a294, [1] s. : _bfot. (w tym kolor.), mapy, rys., wykr. ; _c25 cm. |
||
| 336 |
_aTekst _btxt _2rdacontent |
||
| 337 |
_aBez urządzenia pośredniczącego _bn _2rdamedia |
||
| 338 |
_aWolumin _bnc _2rdacarrier |
||
| 380 | _aKsiążki | ||
| 388 | _a1901-2000 | ||
| 388 | _a1989-2000 | ||
| 504 | _aBibliogr. przy rozdz. - Indeks. | ||
| 650 | 7 |
_aTeledetekcja satelitarna _2DBN |
|
| 658 | _aGeografia i nauki o Ziemi | ||
| 658 | _aInżynieria i technika | ||
| 700 | 1 |
_aKęsik, Andrzej _d(1930- ) _eAutor |
|
| 856 |
_uhttp://koha.tu.koszalin.pl/cgi-bin/koha/opac-detail.pl?biblionumber=29033 _yKatalog online BPK |
||
| 942 |
_2UKD _cKS |
||
| 999 |
_c29033 _d29033 |
||